| 000 | 01592cam a2200397 a 4500 | ||
|---|---|---|---|
| 001 | 2420 | ||
| 003 | FISKH | ||
| 005 | 20241101133348.0 | ||
| 008 | 941013s1995 nyua 000 0aeng | ||
| 010 | _a 94041379 | ||
| 020 | _a0385473788 | ||
| 020 | _a9780553577129 | ||
| 040 |
_aDLC _cDLC _dDLC _beng |
||
| 041 | 1 |
_aeng _hdut |
|
| 050 | 0 | 0 |
_aDS135.N6 _bF73313 1995 |
| 082 | 0 | 0 |
_a940.53/18/092 _220 |
| 100 | 1 |
_aFrank, Anne, _d1929-1945. |
|
| 245 | 1 | 4 |
_aThe diary of a young girl : _bthe definitive edition / _cAnne Frank ; edited by Otto H. Frank and Mirjam Pressler ; translated by Susan Massotty. |
| 250 | _aBantam edition in 1997 | ||
| 260 |
_aNew York : _bDoubleday, _c1995 |
||
| 300 |
_a335 pages : _billustrations ; _c20 cm |
||
| 505 | _aQ | ||
| 520 | _aA thirteen-year-old Dutch-Jewish girl records her impressions of the two years she and seven others spent hiding from the Nazis before they were discovered and taken to concentration camps. Includes entries previously omitted. | ||
| 521 | 8 |
_a670
_bLexile |
|
| 521 | 8 |
_aQ
_bRaz-Plus |
|
| 600 | 1 | 0 |
_aFrank, Anne, _d1929-1945 _xDiaries. |
| 650 | 0 |
_aHolocaust, Jewish (1939-1945) _zNetherlands _zAmsterdam _xPersonal narratives. |
|
| 650 | 0 |
_aJews _xPersecutions _zNetherlands _zAmsterdam. |
|
| 650 | 0 |
_aJews _zNetherlands _zAmsterdam _xDiaries. |
|
| 651 | 0 |
_aAmsterdam (Netherlands) _xEthnic relations. |
|
| 700 | 1 |
_aFrank, Otto, _d1889-1980. _eEditor |
|
| 700 | 1 |
_aPressler, Mirjam. _eEditor |
|
| 700 | 1 |
_aMassotty, Susan. _eTranslator |
|
| 906 |
_a7 _bcbc _corignew _d1 _eocip _f19 _gy-gencatlg |
||
| 942 |
_2ddc _cBK _n0 |
||
| 999 |
_c2420 _d2420 |
||